Wetzer und Welte's Kirchenlexikon oder Encyklopädie der katholischen Theologie und ihrer Hülfswissenschaften / Bd. 5 Gaal bis Himmel

Gespeichert in:  
Bibliographische Detailangaben
Nebentitel:Kirchenlexikon oder Encyklopädie der katholischen Theologie und ihrer Hülfswissenschaften
Beteiligte: Hergenröther, Joseph 1824-1890 (BeteiligteR) ; Kaulen, Franz 1827-1907 (BeteiligteR) ; Wetzer, Heinrich Joseph 1801-1853 (BeteiligteR) ; Welte, Benedikt 1805-1885 (BeteiligteR)
Medienart: Druck Buch
Sprache:Deutsch
Subito Bestelldienst: Jetzt bestellen.
Verfügbarkeit prüfen: HBZ Gateway
WorldCat: WorldCat
Fernleihe:Fernleihe für die Fachinformationsdienste
Veröffentlicht: Freiburg im Breisgau Herder 1888
In: Wetzer und Welte's Kirchenlexikon oder Encyklopädie der katholischen Theologie und ihrer Hülfswissenschaften
Jahr: 1888
Ausgabe:2. Aufl.
Sammlungen:

MARC

LEADER 00000cam a2200000 cc4500
001 143477102
003 DE-627
005 20240715135040.0
007 tu
008 940313s1888 xx ||||| 00| ||ger c
016 7 |a 948388285  |2 DE-101 
035 |a (DE-627)143477102 
035 |a (DE-576)9143477100 
035 |a (DE-599)GBV143477102 
035 |a (OCoLC)61955044 
040 |a DE-627  |b ger  |c DE-627  |e rakwb 
041 |a ger 
044 |c XA-DXDE 
084 |a 1  |2 ssgn 
084 |a 11.50  |2 bkl 
245 0 0 |a Wetzer und Welte's Kirchenlexikon oder Encyklopädie der katholischen Theologie und ihrer Hülfswissenschaften  |n Bd. 5  |p Gaal bis Himmel 
246 3 0 |a Enzyklopädie Hilfswissenschaften 
246 3 3 |a Kirchenlexikon oder Encyklopädie der katholischen Theologie und ihrer Hülfswissenschaften 
250 |a 2. Aufl.  |b begonnen von Joseph Hergenröther, fortges. von Franz Kaulen 
264 1 |a Freiburg im Breisgau  |b Herder  |c 1888 
300 |a 2112 Sp.  |c 25 cm 
336 |a Text  |b txt  |2 rdacontent 
337 |a ohne Hilfsmittel zu benutzen  |b n  |2 rdamedia 
338 |a Band  |b nc  |2 rdacarrier 
361 1 |5 DE-32  |y 423161792  |s Bb 4 : 865 (5)  |o Vorbesitz  |a Schmuttermair, Josef  |0 (DE-588)1172685738  |0 (DE-627)1041319878  |0 (DE-576)514733187  |f Stempel  |k 1915  |z gestempelter Namenszug, darunter handschriftlich vermerktes Jahr 
361 1 |5 DE-32  |y 423161792  |s Bb 4 : 865 (5)  |o Vorbesitz  |a Buchhandlung Gustav Fock  |0 (DE-588)2051165-6  |0 (DE-627)103072144  |0 (DE-576)191992291  |z Lieferant 
361 1 |a Thüringische Landesbibliothek Weimar  |f Stempel  |f Zugangsnummer 1941.1066  |5 DE-32  |y 423161792  |s Bb 4 : 865 (5)  |o Zugang  |0 (DE-588)2024625-0  |0 (DE-627)102170185  |0 (DE-576)191771708  |k 1941-11-20  |z Erwerbungsart: A 
546 |a In Fraktur 
601 |a Theologie 
700 1 |0 (DE-588)119035014  |0 (DE-627)139151966  |0 (DE-576)161391885  |4 oth  |a Hergenröther, Joseph  |d 1824-1890 
700 1 |0 (DE-588)104245271  |0 (DE-627)136994024  |0 (DE-576)161667007  |4 oth  |a Kaulen, Franz  |d 1827-1907 
700 1 |0 (DE-588)117329347  |0 (DE-627)078764971  |0 (DE-576)291302211  |4 oth  |a Wetzer, Heinrich Joseph  |d 1801-1853 
700 1 |0 (DE-588)117278513  |0 (DE-627)078718481  |0 (DE-576)163524319  |4 oth  |a Welte, Benedikt  |d 1805-1885 
773 1 8 |a Wetzer und Welte's Kirchenlexikon oder Encyklopädie der katholischen Theologie und ihrer Hülfswissenschaften  |w (DE-627)143477056  |w (DE-576)9143477054  |g Bd. 5  |q 5.1888  |7 nnam 
935 |a RFBW  |a mteo  |a FBGO 
936 b k |a 11.50  |j Kirchengeschichte  |j Dogmengeschichte  |0 (DE-627)106403877 
951 |a MV 
ELC |b 1 
LOK |0 000 xxxxxcx a22 zn 4500 
LOK |0 001 453861873X 
LOK |0 003 DE-627 
LOK |0 004 143477102 
LOK |0 005 20250127133321 
LOK |0 008 240613||||||||||||||||ger||||||| 
LOK |0 040   |a DE-Tue135  |c DE-627  |d DE-Tue135 
LOK |0 092   |o n 
LOK |0 852   |a DE-Tue135 
LOK |0 852 1  |9 00 
LOK |0 866   |x SPQUE#Reformationsgeschichtliche Forschungsbibliothek Wittenberg#SPSAM#Lutherhaus#SPUSM#Neubestand 
LOK |0 866   |x SPQUE#Forschungsbibliothek Gotha#SPSAM#Lesesaalbestand Theologie (bis 2024-03) 
LOK |0 935   |a RFBW  |a lglu  |a lgnb  |a FBGO  |a gols 
LOK |0 939   |a 13-06-24  |b l01 
ORI |a SA-MARC-ixtheoa001.raw